[Event "Bethune op"]
[Site "Bethune"]
[Date "1998.??.??"]
[Round "?"]
[White "Wallart, Adrien"]
[Black "Jankowski, Jozef"]
[Result "1-0"]
[WhiteElo "2145"]
[BlackElo "2310"]
[PlyCount "49"]
[EventDate "1998.12.26"]
[EventType "swiss"]
[EventRounds "7"]
[EventCountry "FRA"]
[SourceTitle "EXT 2001"]
[Source "ChessBase"]
[SourceDate "2000.11.22"]
[SourceVersion "1"]
[SourceVersionDate "2000.11.22"]
[SourceQuality "1"]

1. c4 c5 2. Nc3 e6 3. Nf3 Nf6 4. g3 Nc6 5. Bg2 d6 6. d3 Be7 7. 0-0 0-0 8. Rb1 Nd7 9. a3 a5 10. Bd2 Nde5 11. Ne1 Na7 12. Nc2 Rb8 13. b4 Bd7 14. bxc5 dxc5 15. Bf4 Bf6 16. Ne4 b6 17. Nxf6+ Qxf6 18. d4 Nxc4 19. Bxb8 Rxb8 20. dxc5 Ba4 21. cxb6 Nb5 22. Qc1 Nc3 23. Re1 Na2 24. Qd1 Nxa3 25. Qd6 1-0

[Event "Warsaw op"]
[Site "Warsaw"]
[Date "1988.??.??"]
[Round "?"]
[White "Jankowski, Jozef"]
[Black "Efimov, Igor"]
[Result "0-1"]
[WhiteElo "2325"]
[BlackElo "2395"]
[PlyCount "81"]
[EventDate "1988.??.??"]
[EventType "swiss"]
[EventRounds "9"]
[EventCountry "POL"]
[SourceTitle "EXT 2004"]
[Source "ChessBase"]
[SourceDate "2003.11.25"]
[SourceVersion "1"]
[SourceVersionDate "2003.11.25"]
[SourceQuality "1"]

1. e4 c5 2. Nf3 Nc6 3. d4 cxd4 4. Nxd4 e5 5. Nb5 Nf6 6. N1c3 d6 7. a4 h6 8. Be3 Be6 9. Nd5 Bxd5 10. exd5 Ne7 11. Nc3 Nf5 12. Bb5+ Nd7 13. Qf3 g6 14. h4 h5 15. Ne4 Be7 16. Bg5 f6 17. Bd2 Nd4 18. Qd3 Kf7 19. 0-0 Kg7 20. Be3 Nf5 21. g3 Nf8 22. a5 a6 23. Bb6 Qc8 24. Ba4 Nh6 25. c4 f5 26. Ng5 Bxg5 27. hxg5 Nf7 28. f4 Nd7 29. Bxd7 Qxd7 30. b4 h4 31. Kg2 hxg3 32. Qxg3 Rac8 33. Qd3 Rh4 34. Be3 Nxg5 35. fxg5 f4 36. Bxf4 exf4 37. Qd4+ Kg8 38. Rxf4 Qh3+ 39. Kf2 Qh2+ 40. Ke3 Re8+ 41. Re4 0-1

[Event "Warsaw op"]
[Site "Warsaw"]
[Date "1988.??.??"]
[Round "?"]
[White "Jankowski, Jozef"]
[Black "Tomaszewski, Roman"]
[Result "1/2-1/2"]
[WhiteElo "2325"]
[BlackElo "2435"]
[PlyCount "112"]
[EventDate "1988.??.??"]
[EventType "swiss"]
[EventRounds "9"]
[EventCountry "POL"]
[SourceTitle "EXT 2004"]
[Source "ChessBase"]
[SourceDate "2003.11.25"]
[SourceVersion "1"]
[SourceVersionDate "2003.11.25"]
[SourceQuality "1"]

1. e4 c6 2. d4 d5 3. Nc3 dxe4 4. Nxe4 Nd7 5. Bd3 Ndf6 6. Ng5 Bg4 7. f3 Bf5 8. Ne2 e6 9. 0-0 Ne7 10. Ne4 Ned5 11. a3 Bg6 12. c4 Nb6 13. Nxf6+ Qxf6 14. Bf4 Qd8 15. Be5 Nd7 16. Bg3 Nf6 17. Qb3 Bxd3 18. Qxd3 Bd6 19. Bxd6 Qxd6 20. Nc3 0-0 21. Ne4 Qe7 22. Rad1 Rfd8 23. Rd2 e5 24. d5 cxd5 25. Nxf6+ Qxf6 26. cxd5 Qb6+ 27. Kh1 Qd6 28. Re1 Rac8 29. Red1 g6 30. h3 Rc5 31. b4 Rc7 32. Qe3 a6 33. Re2 Re8 34. Qb3 Rec8 35. Qe3 f6 36. Red2 Kg7 37. Qe4 Rc1 38. Qe1 Rxd1 39. Rxd1 Rc2 40. Qe3 Rc4 41. Qa7 Rc7 42. Qb8 f5 43. a4 Rd7 44. Qc8 Rc7 45. Qb8 Kh6 46. b5 axb5 47. axb5 b6 48. Qe8 Rc5 49. Qe6 Qxe6 50. dxe6 e4 51. fxe4 fxe4 52. Rd4 Re5 53. Kg1 e3 54. Kf1 Rxe6 55. Ke2 Re5 56. Rb4 Kg5 1/2-1/2

[Event "Warsaw Cup"]
[Site "Warsaw"]
[Date "1987.??.??"]
[Round "2"]
[White "Jankowski, Jozef"]
[Black "Blatny, Pavel"]
[Result "1-0"]
[WhiteElo "2265"]
[BlackElo "2405"]
[PlyCount "65"]
[EventDate "1987.04.??"]
[EventType "swiss"]
[EventRounds "11"]
[EventCountry "POL"]
[SourceTitle "EXT 2001"]
[Source "ChessBase"]
[SourceDate "2000.11.22"]
[SourceVersion "1"]
[SourceVersionDate "2000.11.22"]
[SourceQuality "1"]

1. e4 e5 2. Nf3 Nc6 3. Bb5 a6 4. Ba4 Nf6 5. 0-0 Be7 6. Re1 b5 7. Bb3 0-0 8. c3 d5 9. exd5 Nxd5 10. Nxe5 Nxe5 11. Rxe5 c6 12. d3 Bd6 13. Re1 Qh4 14. g3 Qh3 15. Re4 Qf5 16. Nd2 Nf6 17. Re1 Qh3 18. Qf3 Bg4 19. Qg2 Rae8 20. Ne4 Qh5 21. Nxf6+ gxf6 22. Be3 f5 23. Qxc6 Bf3 24. Bd5 Re4 25. Bxe4 fxe4 26. Qd7 exd3 27. h4 Qg6 28. Kh2 f5 29. Bg5 Be4 30. Be7 Bxg3+ 31. fxg3 f4 32. g4 Qb6 33. Qd4 1-0

[Event "Warsaw Cup"]
[Site "Warsaw"]
[Date "1987.??.??"]
[Round "5"]
[White "Modr, Bretislav"]
[Black "Jankowski, Jozef"]
[Result "1/2-1/2"]
[WhiteElo "2385"]
[BlackElo "2265"]
[PlyCount "59"]
[EventDate "1987.04.??"]
[EventType "swiss"]
[EventRounds "11"]
[EventCountry "POL"]
[SourceTitle "EXT 2001"]
[Source "ChessBase"]
[SourceDate "2000.11.22"]
[SourceVersion "1"]
[SourceVersionDate "2000.11.22"]
[SourceQuality "1"]

1. d4 Nf6 2. Nf3 d5 3. Bg5 Nbd7 4. e3 e6 5. Nbd2 Be7 6. Bd3 c5 7. c3 b6 8. 0-0 Bb7 9. Ne5 Nxe5 10. dxe5 Nd7 11. Bxe7 Qxe7 12. f4 0-0-0 13. a4 c4 14. Bc2 f6 15. Nf3 fxe5 16. Nxe5 Nxe5 17. fxe5 Rdf8 18. Qd4 h6 19. a5 Kc7 20. axb6+ axb6 21. Rf4 Rxf4 22. exf4 Ra8 23. Rxa8 Bxa8 24. g3 Bc6 25. h4 Qe8 26. Bd1 Qg6 27. Kf2 Qb1 28. Qd2 Be8 29. h5 g5 30. hxg6 1/2-1/2

[Event "Warsaw Cup"]
[Site "Warsaw"]
[Date "1987.??.??"]
[Round "8"]
[White "Panczyk, Krzysztof"]
[Black "Jankowski, Jozef"]
[Result "1/2-1/2"]
[WhiteElo "2410"]
[BlackElo "2265"]
[PlyCount "38"]
[EventDate "1987.04.??"]
[EventType "swiss"]
[EventRounds "11"]
[EventCountry "POL"]
[SourceTitle "EXT 2001"]
[Source "ChessBase"]
[SourceDate "2000.11.22"]
[SourceVersion "1"]
[SourceVersionDate "2000.11.22"]
[SourceQuality "1"]

1. d4 Nf6 2. c4 e6 3. g3 d5 4. Nf3 dxc4 5. Bg2 c5 6. 0-0 Nc6 7. Ne5 Bd7 8. Nxc6 Bxc6 9. Bxc6+ bxc6 10. Qa4 cxd4 11. Qxc6+ Nd7 12. Qxc4 Bc5 13. Nd2 0-0 14. Ne4 Bb6 15. Bf4 Rc8 16. Qd3 f5 17. Nd6 Rc6 18. Qf3 Nb8 19. Nb5 Rc5 1/2-1/2